00779cam a22002411 4500001001300000003000400013005001700017008004100034010001700075035001900092040001900111042001200130050002400142082002700166100002800193245007700221260001900298300006200317440005900379500003900438650004300477999001700520gs 42000201 DLC20260227111347.0780823s1942 xx 000 0 eng  ags 42000201  a(OCoLC)4160781 aDLCcTxEUdDLC apremarc00aTN24.O5bA35 no. 13 a(553.09766) 338.2097661 aBeach, John Osa,d1895-10a... Mineral production of Oklahoma, 1885-1940,ccompiler by J. O. Beach. aNorman,c1942. a1, p., l., 34 p.billus., tables., diagrs., maps.c23 cm. 0aOklahoma. Geological Survey. Mineral report,vno. 13 aReproduced from type-written copy. 0aMines and mineral resourceszOklahoma. c27806d27806